Bariéry vo vzdelávaní manažérov v oblasti informačno-komunikačných technológií diplomová práca

Gespeichert in:
Bibliographische Detailangaben
1. Verfasser: Kajanová, Silvia
Körperschaft: Fakulta podnikového manažmentu EU. Katedra informačného manažmentu
Weitere Verfasser: Bolek, Vladimír, 1988-
Format: Buch
Sprache:Slowakisch
Veröffentlicht: Bratislava 2017
Tags: Tag hinzufügen
Keine Tags, Fügen Sie das erste Tag hinzu!

MARC

LEADER 00000nbm a2200000 4500
001 0244569
005 20180921143644.0
041 0 |a slo 
044 |a SK 
245 1 0 |a Bariéry vo vzdelávaní manažérov v oblasti informačno-komunikačných technológií  |b diplomová práca  |c Silvia Kajanová ; školiteľ: Vladimír Bolek 
264 1 |a Bratislava  |c 2017 
300 |a 59 s. 
100 1 |a Kajanová, Silvia 
700 1 |a Bolek, Vladimír, 1988- 
710 2 |a Fakulta podnikového manažmentu EU. Katedra informačného manažmentu